John Mayer Songs - Statistics

General Stats
  • This quiz has been taken 279 times
  • The average score is 7 of 16
Answers on the Grid
Answers color-coded by a green-red scale on the quiz's grid according to % correct below.
Heartbreak Warfare
Dive
Wonderful Tonight
City Love
In Repair
Helpless
If I Ain't Got You
Clarity
Fast Car
Slow Dancing In A Bruning Room
Blank Space
Who Says
You're No One Til' Someone Let's You Down
Bring It On Home To Me
Daughter
Ants Marching
A Face To Call Home
All I Want Is To Be With You
Your Body Is A Wonderland
Tougher Than The Rest
Daughters
Treat You Better
Home
Wheel
The Heart Of Life
Changing
Better Off Alone
Gravity
 
Answer Stats
Answer % Correct
Heartbreak Warfare
84%
Slow Dancing In A Bruning Room
76%
Who Says
62%
In Repair
58%
Clarity
54%
Gravity
48%
City Love
47%
Daughters
47%
Your Body Is A Wonderland
47%
Helpless
43%
The Heart Of Life
35%
You're No One Til' Someone Let's You Down
35%
A Face To Call Home
26%
Changing
23%
Wheel
22%
All I Want Is To Be With You
20%
No matching quizzes found
Score Distribution
Percent of People with Each Score
Percentile by Number Answered
Your Score History
You have not taken this quiz